Statistiken für Theodor Fontane - John Maynard

Klicken Sie hier um das Quiz zu spielen!

Allgemein

  • Dieses Quiz wurde 42 mal gespielt
  • Das Durchschnittsergebnis liegt bei 60 aus 387

Antwortstatistiken

rowcolAntwort% Korrekt
00John
97%
01Maynard!
94%
10"Wer
55%
11ist
52%
12John
52%
13Maynard?"
52%
20"John
48%
21Maynard
48%
24Steuermann,
48%
23unser
48%
22war
48%
34das
42%
44er
42%
40er
42%
33er
42%
60John
42%
61Maynard."
42%
42uns
42%
30aushielt
39%
32bis
39%
84den
39%
93den
39%
80Die
39%
31er,
39%
50er
39%
85Erie-See,
39%
82fliegt
39%
96Flocken
39%
52für
39%
43gerettet,
39%
36gewann,
39%
90Gischt
39%
41hat
39%
55Liebe
39%
57Lohn.
39%
91schäumt
39%
98Schnee
39%
81"Schwalbe"
39%
56sein
39%
51starb
39%
83über
39%
35Ufer
39%
53uns,
39%
97von
39%
95wie
39%
94Bug
35%
46die
35%
111Herzen
35%
47Kron',
35%
104nach
35%
103sie
35%
45trägt
35%
92um
35%
54unsre
35%
100von
35%
105Buffalo
32%
101Detroit
32%
110die
32%
102fliegt
32%
116froh,
32%
112aber
29%
114frei
29%
113sind
29%
115und
29%
120und
23%
244bis
19%
245Buffalo.
19%
200da
19%
167die
19%
121die
19%
171dreißig
19%
212es,
19%
210"Feuer!"
19%
173Halbe
19%
145heran
19%
166in
19%
172Minuten...
19%
243Minuten
19%
241noch
19%
154noch,
19%
168Rund:
19%
165schaut
19%
155Steuermann?"
19%
174Stund."
19%
260Und
19%
240und
19%
224und
19%
125und
19%
286und
19%
140und
19%
153weit
19%
152"Wie
19%
242zwanzig
19%
190Alle
16%
194alle
16%
280am
16%
270am
16%
290am
16%
142an
16%
222aus
16%
281Bugspriet
16%
271Bugspriet
16%
263bunt
16%
214da
16%
131Dämmerlicht
16%
232dann
16%
133das
16%
160Der
16%
261die
16%
226drang,
16%
220ein
16%
230ein
16%
233Flammen
16%
126Fraun
16%
197frei
16%
193froh,
16%
264gemengt,
16%
205her
16%
191Herzen
16%
195Herzen
16%
130im
16%
283ist
16%
143John
16%
700John
16%
223Kajüt
16%
124Kindern
16%
215klang,
16%
293lagert
16%
287Licht,
16%
234lichterloh,
16%
285Luft
16%
701Maynard."
16%
144Maynard
16%
123mit
16%
162nach
16%
170"Noch
16%
284noch
16%
122Passagiere
16%
262Passagiere,
16%
141plaudernd
16%
231Qualm,
16%
221Qualm
16%
135schaun,
16%
161schaut
16%
132schon
16%
207Schrei,
16%
196sind
16%
192sind
16%
272stehn
16%
291Steuer
16%
134Ufer
16%
164und
16%
282vorn
16%
163vorn
16%
211war
16%
213was
16%
206wie
16%
274zusammengedrängt,
16%
292aber
13%
202aus
13%
314bis
13%
203dem
13%
295dicht,
13%
686die
13%
690er
13%
680er
13%
684er
13%
692für
13%
683gerettet,
13%
681hat
13%
687Kron,
13%
695Liebe
13%
697Lohn.
13%
225Luke
13%
313Minuten
13%
311noch
13%
204Schiffsraum
13%
696sein
13%
273sie
13%
691starb
13%
685trägt
13%
150tritt
13%
310Und
13%
590und
13%
693uns,
13%
682uns
13%
531alle.
10%
151alles:
10%
592Aug'
10%
425aus!
10%
434bis
10%
615Blumen
10%
621Blumen
10%
504Buffalo!
10%
435Buffalo.
10%
315Buffalo.
10%
624das
10%
595das
10%
612den
10%
533einer
10%
671er
10%
534fehlt!
10%
312fünfzehn
10%
530Gerettet
10%
625Grab,
10%
426Hallo!"
10%
424"Halt
10%
616hinab,
10%
591kein
10%
201klingt's
10%
611lassen
10%
433Minuten
10%
620mit
10%
431noch
10%
532Nur
10%
613Sarg
10%
294sich’s
10%
610Sie
10%
623sie
10%
596tränenleer.
10%
454Und
10%
420Und
10%
630und
10%
430Und
10%
666und
10%
300und
10%
470Und
10%
694unsre
10%
432zehn
10%
360aber
6%
540Alle
6%
365an:
6%
455Antwort
6%
400"Auf
6%
551aus
6%
383bin."
6%
667Brand
6%
473Brandung,
6%
405Brandung!"
6%
371da,
6%
451da,
6%
644Dankspruch
6%
520Das
6%
523Das
6%
421das
6%
672das
6%
343dem
6%
573den
6%
401den
6%
635den
6%
330Der
6%
340der
6%
676der
6%
501der
6%
641die
6%
334die
6%
472die
6%
566die
6%
404die
6%
482die
6%
571Dienst
6%
333doch
6%
412drauf
6%
361durchs
6%
301ein
6%
570ein
6%
560ein
6%
645ein:
6%
350er
6%
364er
6%
481er
6%
461ersterbender
6%
674fest
6%
524Feuer
6%
581folgen
6%
363fragt
6%
522geborsten.
6%
542gehn
6%
541Glocken
6%
632goldner
6%
411halte
6%
466halt's!"
6%
677Hand,
6%
576hat:
6%
381Herr.
6%
464Herr,
6%
575heute
6%
670hielt
6%
660Hier
6%
550himmelan
6%
413hin."
6%
485hinein.
6%
382Ich
6%
410"Ich
6%
465ich
6%
543ihre
6%
643ihren
6%
593im
6%
664In
6%
614in
6%
634in
6%
675in
6%
471in
6%
403In
6%
463"Ja,
6%
380"Ja,
6%
480jagt
6%
302Jammern
6%
662John
6%
372John
6%
452John
6%
423jubelt:
6%
554Kapell'n,
6%
341Kapitän
6%
552Kirchen
6%
561Klingen
6%
475Klippe,
6%
492kommen,
6%
494kommt
6%
304laut:
6%
563Läuten,
6%
636Marmorstein
6%
663Maynard!
6%
453Maynard?"
6%
373Maynard?"
6%
583mehr,
6%
353mehr
6%
460mit
6%
631mit
6%
484mitten
6%
342nach
6%
352nicht
6%
370"Noch
6%
450Noch
6%
572nur,
6%
496nur
6%
582oder
6%
665Qualm
6%
335Qualmwolke
6%
500Rettung:
6%
491Rettung
6%
661ruht
6%
456schallt's
6%
521Schiff
6%
422Schiffsvolk
6%
622schließen
6%
640schreibt
6%
633Schrift
6%
483"Schwalbe"
6%
565schweigt
6%
545schwell'n
6%
354seinen
6%
495sie
6%
574sie
6%
351sieht
6%
306sind
6%
497so.
6%
493so
6%
490Soll
6%
564sonst
6%
345späht,
6%
362Sprachrohr
6%
642Stadt
6%
567Stadt,
6%
336steht,
6%
477Stein,
6%
673Steuer
6%
344Steuer
6%
355Steuermann,
6%
462Stimme:
6%
402Strand!
6%
502Strand
6%
544Töne
6%
553und
6%
562und
6%
525verschwelt.
6%
503von
6%
332wächst,
6%
474was
6%
476was
6%
307wir?
6%
303wird
6%
308wo?"
6%
305"Wo
6%
580Zehntausend
6%
594Zuge,
6%
331Zugwind
6%

Verteilung der Resultate

Perzentil nach korrekt beantworteten Fragen

Anzahl Personen mit jedem Resultat

Ihre Resultats-Entwicklung

Sie haben dieses Quiz noch nicht gespielt